000 00335nam a22001097a 4500
008 230825b |||||||| |||| 00| 0 eng d
040 _aNational Science Library
_cNational Science Library
245 _aB. I. T. S. magazine
260 _aRajasthan:
_bBirla Institute of Technology and Science,
_c1965
310 _aAnnually
942 _cCR
999 _c59722
_d59722